000 00743nam a22002057a 4500
999 _c158452
_d158452
005 20181116151338.0
010 _aENG-124402
020 _a9789352535224
_c795.00
035 _aEN-107934
037 _bDBAD/PUB
082 _a657
100 _aTulsian P.C.
245 _aTulsian's accountancy for CA intermediate course (Group II):
_cby P.C. Tulsian [and] Bharat Tulsian
_b11e /
250 _areprint updates ed.
260 _aNew Delhi
_bS.Chand and Company Limited
_c2019
270 _a7361, Ramnagar
_bNew Delhi
_e110055
_k011-23672080-81-82 9899107446, 9911310888
_l91-11-23677446
_minfo@schandgroup.com
300 _axiv, various paging
_c27cm(pbk)
_bill.
700 _a Tulsian, Bharat
942 _2ddc
_cEN
_h657
_mTUL